00687nam a22001577a 4500008004100000040005500041080003300096245009900129260007100228300001400299650001400313653000900327942001200336999001700348952016400365230410b |||||||| |||| 00| 0 eng d aNational Science LibrarycNational Science Library a339(047.1)(548 Goa etc) bK4 aTechno-economic survey of Goa, Daman and Diuc/ National Council of Applied Economic Research  aNew Delhi: bNational Council of Applied Economic Research, c1964 av, 275p.  aEconomic  aGoa  2udccBK c20128d20128 00102udc4063390471548_GOA_ETC_K470929445aNSLbNSLcGF/Rk-5/C-9/R-4d1966-06-01l0o339(047.1)(548 Goa etc) K4p15650r2023-04-10 00:00:00w1966-06-01yBK